| 000 | 00777cam a22002531 4500 | ||
|---|---|---|---|
| 999 |
_c7439 _d7439 |
||
| 001 | 7439 | ||
| 003 | BD-JhCC | ||
| 005 | 20180402085117.0 | ||
| 008 | 770913s1967 ru a 000 0 eng | ||
| 035 | _a(BD-JhCC)7439 | ||
| 035 | _a(OCoLC)3261340 | ||
| 040 |
_aDLC _cTNJ _dDLC _dBD-JhCC |
||
| 041 | 1 | _aengrus | |
| 050 | 0 | 0 |
_aPZ3.A6757 _bSat |
| 082 |
_bADR 1967 _a891.734 |
||
| 100 | 1 |
_aArdamatskiĭ, Vasiliĭ, _d1911- |
|
| 245 | 1 | 0 |
_aSaturn is almost invisible / _c[by] Vasily Ardamatsky. [Translated from the Russian by Fainna Glagoleva. |
| 260 |
_aMoscow, _bProgress Publishers, _c1967] |
||
| 300 |
_a327 p. _billus. _c21 cm. |
||
| 500 | _aTranslation of "Saturn" pochti ne viden (romanized form). | ||
| 650 | _aWorld War (1939-1945) | ||
| 942 |
_2ddc _cBK |
||